| 000 | 00743nam a22002057a 4500 | ||
|---|---|---|---|
| 005 | 20240725092138.0 | ||
| 008 | 240723b ||||| |||| 00| 0 eng d | ||
| 020 | _a0803937415 | ||
| 040 | _cAL | ||
| 041 | _aeng | ||
| 082 |
_223 _a338.926 _bWILT |
||
| 100 |
_aFrederick Williams _9174010 |
||
| 245 |
_aTechnology Transfer _b: communication perspective |
||
| 260 |
_aNewbury Park _bSage Publications _c1990 |
||
| 300 |
_a302p. _bPB _c22x13cm. |
||
| 520 | _aChallenges of technology innovation and transfer; organizational setting of technology transfer; contexts of technology transfer; international perspectives. | ||
| 650 |
_2Economic Developments _aTechnology transfer _9174098 |
||
| 700 |
_aGibson, David V _9174099 |
||
| 942 |
_2ddc _cBK |
||
| 999 |
_c231508 _d231508 |
||